<?xml version="1.0" encoding="UTF-8"?>
<resp>
  <nextPage>https://data.bn.org.pl/api/networks/bibs.marcxml?marc=001+b1000000520456&amp;sinceId=1000000520457</nextPage>
  <collection>
    <record xmlns='http://www.loc.gov/MARC21/slim'><leader>02695namZa2200685ZiZ4500</leader><controlfield tag='001'>b1000000520456</controlfield><controlfield tag='005'>20251108084256.6</controlfield><controlfield tag='008'>200302s2019    pl a         |000 0 pol  </controlfield><controlfield tag='009'>9911342862105606</controlfield><datafield ind1=' ' ind2=' ' tag='020'><subfield code='a'>9788366336155</subfield><subfield code='q'>(oprawa miękka)</subfield></datafield><datafield ind1=' ' ind2=' ' tag='035'><subfield code='a'>(PL)b1000000520456</subfield></datafield><datafield ind1=' ' ind2=' ' tag='040'><subfield code='a'>WA N</subfield><subfield code='c'>WA N</subfield><subfield code='d'>WA N</subfield><subfield code='d'>KIEL W</subfield><subfield code='d'>WA N</subfield></datafield><datafield ind1='0' ind2=' ' tag='045'><subfield code='b'>d2019</subfield></datafield><datafield ind1=' ' ind2=' ' tag='080'><subfield code='8'>1.1\x</subfield><subfield code='a'>913(438)</subfield></datafield><datafield ind1=' ' ind2=' ' tag='080'><subfield code='8'>1.2\x</subfield><subfield code='a'>(036)</subfield></datafield><datafield ind1='1' ind2=' ' tag='100'><subfield code='a'>Walczak, Piotr</subfield><subfield code='d'>(1976- )</subfield><subfield code='e'>Autor.</subfield><subfield code='e'>Fotografie</subfield></datafield><datafield ind1='1' ind2='0' tag='245'><subfield code='a'>Ziemia staszowska bądź częścią historii /</subfield><subfield code='c'>tekst: P. Walczak ; fotografie: W. Jezierski, K. Pęczalski, M. Pytko, S. Rakowski, P. Walczak.</subfield></datafield><datafield ind1=' ' ind2=' ' tag='260'><subfield code='a'>Kielce :</subfield><subfield code='b'>Regionalna Organizacja Turystyczna Województwa Świętokrzyskiego,</subfield><subfield code='c'>[2019].</subfield></datafield><datafield ind1=' ' ind2=' ' tag='300'><subfield code='a'>23 strony :</subfield><subfield code='b'>ilustracje ;</subfield><subfield code='c'>21x21 cm.</subfield></datafield><datafield ind1=' ' ind2=' ' tag='336'><subfield code='a'>Obraz</subfield><subfield code='b'>sti</subfield><subfield code='2'>rdacontent</subfield></datafield><datafield ind1=' ' ind2=' ' tag='336'><subfield code='a'>Tekst</subfield><subfield code='b'>txt</subfield><subfield code='2'>rdacontent</subfield></datafield><datafield ind1=' ' ind2=' ' tag='337'><subfield code='a'>Bez urządzenia pośredniczącego</subfield><subfield code='b'>n</subfield><subfield code='2'>rdamedia</subfield></datafield><datafield ind1=' ' ind2=' ' tag='338'><subfield code='a'>Wolumin</subfield><subfield code='b'>nc</subfield><subfield code='2'>rdacarrier</subfield></datafield><datafield ind1=' ' ind2=' ' tag='380'><subfield code='a'>Druki ulotne</subfield></datafield><datafield ind1='1' ind2=' ' tag='388'><subfield code='a'>2001-</subfield></datafield><datafield ind1=' ' ind2=' ' tag='500'><subfield code='a'>Rok wydania ustalono na podstawie ISBN-u.</subfield></datafield><datafield ind1=' ' ind2=' ' tag='500'><subfield code='a'>Opis według okładki.</subfield></datafield><datafield ind1=' ' ind2='7' tag='651'><subfield code='a'>Staszów (woj. świętokrzyskie ; okolice)</subfield><subfield code='2'>DBN</subfield></datafield><datafield ind1=' ' ind2='7' tag='655'><subfield code='a'>Przewodnik turystyczny</subfield><subfield code='2'>DBN</subfield></datafield><datafield ind1=' ' ind2=' ' tag='658'><subfield code='a'>Podróże i turystyka</subfield></datafield><datafield ind1='1' ind2=' ' tag='700'><subfield code='a'>Jezierski, W.</subfield><subfield code='c'>(fotograf)</subfield><subfield code='e'>Fotografie</subfield></datafield><datafield ind1='1' ind2=' ' tag='700'><subfield code='a'>Pęczalski, Krzysztof</subfield><subfield code='d'>(1973- )</subfield><subfield code='e'>Fotografie</subfield></datafield><datafield ind1='1' ind2=' ' tag='700'><subfield code='a'>Pytko, M.</subfield><subfield code='e'>Fotografie</subfield></datafield><datafield ind1='1' ind2=' ' tag='700'><subfield code='a'>Rakowski, Stanisław</subfield><subfield code='c'>(fotograf)</subfield><subfield code='e'>Fotografie</subfield></datafield><datafield ind1='2' ind2=' ' tag='710'><subfield code='a'>Regionalna Organizacja Turystyczna Województwa Świętokrzyskiego</subfield><subfield code='e'>Wydawca</subfield></datafield><datafield ind1=' ' ind2=' ' tag='852'><subfield code='8'>2289849470005068</subfield><subfield code='j'>1</subfield><subfield code='h'>Reg 913(438) Wal Zie</subfield><subfield code='b'>WBP-KIELCE</subfield><subfield code='p'>452717</subfield><subfield code='c'>CZYTREG</subfield></datafield><datafield ind1=' ' ind2=' ' tag='852'><subfield code='8'>221034871850008831</subfield><subfield code='j'>1</subfield><subfield code='b'>5100-BUW</subfield><subfield code='p'>1600014677</subfield><subfield code='c'>10023</subfield></datafield><datafield ind1=' ' ind2=' ' tag='852'><subfield code='8'>22606383470005066</subfield><subfield code='j'>1</subfield><subfield code='h'>DŻS XVIII 3d</subfield><subfield code='b'>BN_PL</subfield><subfield code='p'>888a0517918</subfield><subfield code='c'>bdz</subfield></datafield><datafield ind1=' ' ind2=' ' tag='852'><subfield code='b'>48OMNIS_RPL</subfield><subfield code='8'>991003631098505068</subfield></datafield><datafield ind1=' ' ind2=' ' tag='852'><subfield code='b'>48OMNIS_UOW</subfield><subfield code='8'>991009867909708831</subfield></datafield><datafield ind1=' ' ind2=' ' tag='852'><subfield code='b'>48OMNIS_NLOP</subfield><subfield code='8'>991052614117705066</subfield></datafield><datafield ind1=' ' ind2=' ' tag='852'><subfield code='b'>48OMNIS_NETWORK</subfield><subfield code='8'>9911342862105606</subfield></datafield><datafield ind1=' ' ind2=' ' tag='920'><subfield code='a'>978-83-66336-15-5 (oprawa miękka)</subfield></datafield></record>
  </collection>
</resp>
